| 000 | 00361nam a2200145 i 4500 | ||
|---|---|---|---|
| 001 | bg | ||
| 100 | 1 |
_aJaroszewski, Wojciech _d(1935-1993). |
|
| 245 | 0 |
_aTektonika uskoków i fałdów / _cWojciech Jaroszewski. |
|
| 250 | _aWyd.2. | ||
| 260 |
_aWarszawa, _c1980. |
||
| 040 | _cBPK | ||
| 041 | _apol | ||
| 942 | _cKS | ||
| 008 | s pl f |000 0 pol | ||
| 999 |
_c19920 _d19920 |
||
| 856 |
_uhttp://koha.tu.koszalin.pl/cgi-bin/koha/opac-detail.pl?biblionumber=19920 _yKatalog online BPK |
||